| 000 | 00729nam a22002177a 4500 | ||
|---|---|---|---|
| 003 | OSt | ||
| 005 | 20250813073815.0 | ||
| 008 | 240620b |||||||| |||| 00| 0 eng d | ||
| 020 | _a9781266138010 | ||
| 040 |
_aDWCL-Main Lib. _cOC |
||
| 082 | _aCirc. 155 S231l 2024 | ||
| 100 | _aSantrock, John W. | ||
| 245 |
_aLife-span development / _cJohn W, Santrock |
||
| 250 | _a19th edition | ||
| 260 |
_aNew York : _bMcGraw Hill, _cc2024. |
||
| 300 |
_aix, 612p. : _bcolored illustrations ; _c28cm. |
||
| 504 | _aGlossary: G1-G8. Bibliographic References: R1-R87. Name Index: NI1-N23. Subject Index: SI1-SA22 | ||
| 650 | _a1. Development psychology. | ||
| 650 | _a2. Human growth. | ||
| 942 |
_2ddc _cBK-CIRC _kCirc. _n0 _e19th edition |
||
| 999 |
_c945 _d945 |
||